Introduction to engineering materials/ (Record no. 9363)
[ view plain ]
| 000 -LEADER | |
|---|---|
| fixed length control field | 00506nam a22001937a 4500 |
| 003 - CONTROL NUMBER IDENTIFIER | |
| control field | OSt |
| 005 - DATE AND TIME OF LATEST TRANSACTION | |
| control field | 20240909112919.0 |
| 008 - FIXED-LENGTH DATA ELEMENTS--GENERAL INFORMATION | |
| fixed length control field | 240909b |||||||| |||| 00| 0 eng d |
| 022 ## - INTERNATIONAL STANDARD SERIAL NUMBER | |
| Source | 033394917 |
| 040 ## - CATALOGING SOURCE | |
| Transcribing agency | must |
| 082 ## - DEWEY DECIMAL CLASSIFICATION NUMBER | |
| Classification number | 620.11 VER 2003 |
| 100 ## - MAIN ENTRY--PERSONAL NAME | |
| Personal name | John,Vernon |
| 9 (RLIN) | 1019 |
| 245 ## - TITLE STATEMENT | |
| Title | Introduction to engineering materials/ |
| Statement of responsibility, etc. | Vernon John. |
| 260 ## - PUBLICATION, DISTRIBUTION, ETC. (IMPRINT) | |
| Place of publication, distribution, etc. | Macmillan; |
| Name of publisher, distributor, etc. | Palgrave: |
| Date of publication, distribution, etc. | c2003. |
| 300 ## - PHYSICAL DESCRIPTION | |
| Extent | xvi,640p.; |
| Other physical details | ill: |
| Dimensions | 25cm. |
| 500 ## - GENERAL NOTE | |
| General note | Includes index. |
| 650 ## - SUBJECT ADDED ENTRY--TOPICAL TERM | |
| Source of heading or term | Engineering |
| 942 ## - ADDED ENTRY ELEMENTS (KOHA) | |
| Source of classification or shelving scheme | Other/Generic Classification Scheme |
| Koha item type | Book Bank |
| Withdrawn status | Lost status | Source of classification or shelving scheme | Damaged status | Not for loan | Home library | Current library | Date acquired | Source of acquisition | Inventory number | Total Checkouts | Full call number | Barcode | Date last seen | Price effective from | Koha item type |
|---|---|---|---|---|---|---|---|---|---|---|---|---|---|---|---|
| Dewey Decimal Classification | MUST Main Library | MUST Main Library | 09/09/2024 | purchase | 08/30817 | 620.11 VER 2003 | 2024-22341 | 09/09/2024 | 09/09/2024 | Book Bank | |||||
| Other/Generic Classification Scheme | MUST Main Library | MUST Main Library | 09/09/2024 | purchase | 08/22844 | 620.11 VER 2003 | 2024-22342 | 09/09/2024 | 09/09/2024 | Book Bank |
